Designing zero carbon buildings using dynamic simulation methods / (رقم التسجيلة. 32393)

تفاصيل مارك
000 -الفاتح
حقل البيانات ثابتة الطول 01233cam a22003254a 4500
001 - رقم الضبط
رقم الضبط 16912526
003 - محدد رقم الضبط
رقم الضبط OSt
005 - وقت وتاريخ اخر تعامل مع التسجيلة
رقم الضبط 20150408114155.0
008 - عناصر البيانات ثابتة الطول - معلومات عامة
حقل البيانات ثابتة الطول 110810s2012 enka b 001 0 eng
010 ## - رقم ضبط مكتبة الكونجرس
رقم ضبط مكتبة الكونجرس 2011031224
016 7# - رقم ضبط الوكاله الوطنية للضبط الببليوجرافي
رقم ضبط التسجيلة 015952445
المصدر Uk
020 ## - الرقم الدولى المعيارى للكتب
الرقم الدولى المعيارى للكتاب 9781849712941 (pbk. : alk. paper)
020 ## - الرقم الدولى المعيارى للكتب
الرقم الدولى المعيارى للكتاب 9780203135754 (ebook)
035 ## - رقم ضبط النظام
رقم ضبط النظام (OCoLC)ocn730403900
040 ## - مصدر الفهرسة
وكالة الفهرسة الأصلية DLC
لغة الفهرسة eng
وكالة النسخ DLC
وكالة التعديل YDX
-- BTCTA
-- UKMGB
-- YDXCP
-- CDX
-- DLC
042 ## - رمز التحقق
رمز التحقق pcc
050 00 - رقم طلب مكتبة الكونجرس
رقم التصنيف TH880
رقم المادة .J36 2012
082 00 - رقم تصنيف ديوى العشرى
رقم التصنيف 720.47
رقم الطبعة 23
رقم المادة JLD
100 1# - المدخل الرئيسى - إسم شخصى
الإسم الشخصى Jankovic, Ljubomir.
9 (RLIN) 40595
245 10 - بيان العنوان
العنوان Designing zero carbon buildings using dynamic simulation methods /
بيان المسئوليه,etc Ljubomir Jankovic.
260 ## - PUBLICATION, DISTRIBUTION, ETC. (IMPRINT)
مكان الناشر او الموزع Abingdon, Oxon [England] ;
-- New York, NY :
اسم الناشر او الموزع Earthscan,
تاريخ النشر أو التوزيع 2012.
300 ## - الوصف المادى
التعداد xviii, 314 p. :
تفاصيل ماديه اخرى للوعاء ill. (chiefly col.) ;
أبعاد الوعاء 30 cm.
504 ## - تبصرة ببليوجرافية
تبصرة ببليوجرافية,الخ Includes bibliographical references and index.
650 #0 - المدخل الاضافى بالموضوع-مصطلح موضوعى
مصطلح موضوعي أو اسم جغرافي كعنصر مدخل Sustainable buildings
التقسيم الفرعي العام Design and construction.
9 (RLIN) 19209
650 #0 - المدخل الاضافى بالموضوع-مصطلح موضوعى
مصطلح موضوعي أو اسم جغرافي كعنصر مدخل Buildings
التقسيم الفرعي العام Performance
-- Computer simulation.
9 (RLIN) 40596
650 #0 - المدخل الاضافى بالموضوع-مصطلح موضوعى
مصطلح موضوعي أو اسم جغرافي كعنصر مدخل Carbon dioxide mitigation.
9 (RLIN) 40597
906 ## - عنصر بيانات محلى F, LDF (RLIN)
a 7
b cbc
c orignew
d 1
e ecip
f 20
g y-gencatlg
942 ## - عناصر المدخل الإضافي( كوها)
مصدر التصنيف او مخطط الترفيف Dewey Decimal Classification
Koha [default] item type DVD
المقتنيات
حالة الفقد نموذج السعر الفعال حالة تلف ليس للاعارة رقم الطلب تاريخ الاكتساب الموقع الحالي الفرع الرئيسي Date last seen نوع المادة فى نظام كوها مصدر التصنيف او خطة الترفيف Total Checkouts
  2013-11-18     720.47 JLD 2013-11-18 المكتبة المركزية بالمجمعة (CL) المكتبة المركزية بالمجمعة (CL) 2013-11-18 كتاب Dewey Decimal Classification